| 000 | 00558nam a22002177a 4500 | ||
|---|---|---|---|
| 005 | 20230316140150.0 | ||
| 008 | 230215b |||||||| |||| 00| 0 eng d | ||
| 020 | _cRs.80.00 | ||
| 040 | _aLoreto College | ||
| 041 | _aBengali | ||
| 082 |
_a891.44B _bRAY-GAN |
||
| 110 | _aGangopadhyay, Narayan | ||
| 245 |
_aRammohan _cNarayan Gangopadhyay |
||
| 250 | _a6th | ||
| 260 |
_aKolkata _bPapyrus _c2016 |
||
| 300 | _a55p | ||
| 600 | _aRoy,Rammohan (22 May 1772 - 27 September 1833) | ||
| 650 | _aRoy,Rammohan-Biography | ||
| 850 | _aLCLIB | ||
| 942 | _cBK | ||
| 999 |
_c43139 _d93618 |
||